000
00299nam a2200121Ia 4500
008
191201s2014 xx 000 0 und d
100
_a
SINGH,Vijay P
245
0
_a
Water Resources System Operation
260
_a
N. Delhi
_b
Allied Pub
_c
2014
300
_a
572
650
_a
B.Tech(CE)
942
_2
ddc
_c
BK
999
_c
6313
_d
6313